[Event "CZE-chT2E 1920"]
[Site "Czech Republic"]
[Date "2020.01.26"]
[Round "7.2"]
[White "Dirgas, Josef"]
[Black "Ramik, Zdenek"]
[Result "1/2-1/2"]
[WhiteElo "2107"]
[BlackElo "2129"]
[PlyCount "94"]
[EventDate "2019.10.13"]
[EventType "team-tourn"]
[EventRounds "11"]
[EventCountry "CZE"]
[SourceTitle "EXT 2024"]
[Source "ChessBase"]
[SourceDate "2023.10.10"]
[SourceVersion "1"]
[SourceVersionDate "2023.10.10"]
[SourceQuality "1"]
[WhiteTeam "Adamov"]
[BlackTeam "Brno Lokomotiva"]
[WhiteTeamCountry "CZE"]
[BlackTeamCountry "CZE"]

1. Nf3 Nf6 2. g3 g6 3. b3 Bg7 4. Bb2 c5 5. c4 Nc6 6. Bg2 d6 7. 0-0 0-0 8. Nc3 Bd7 9. e3 Qc8 10. d4 Bh3 11. d5 Bxg2 12. Kxg2 Nb8 13. Qc2 Nbd7 14. h3 a6 15. a4 e5 16. Ng1 Qc7 17. f4 exf4 18. exf4 Rae8 19. Rae1 Qd8 20. Nf3 Rxe1 21. Rxe1 Re8 22. Rxe8+ Qxe8 23. Bc1 Qe7 24. Bd2 Kf8 25. Qd3 Ke8 26. Kf2 Kd8 27. Qe2 Qxe2+ 28. Kxe2 Kc7 29. Ne1 Ne8 30. Nf3 Nef6 31. a5 Ne8 32. Ne1 Nef6 33. Nd3 Ne8 34. Kf3 f5 35. g4 Bxc3 36. Bxc3 Nef6 37. g5 Ne4 38. Be1 Kd8 39. Nf2 Nxf2 40. Kxf2 Kc7 41. Ke3 b5 42. axb6+ Kxb6 43. Kd3 a5 44. Bc3 Nb8 45. Bf6 Kc7 46. Bc3 Kb6 47. Bf6 Kc7 1/2-1/2

[Event "CZE-chT2E 1920"]
[Site "Czech Republic"]
[Date "2019.11.17"]
[Round "3.2"]
[White "Dirgas, Josef"]
[Black "Lanc, Alois"]
[Result "1/2-1/2"]
[WhiteElo "2107"]
[BlackElo "2284"]
[PlyCount "84"]
[EventDate "2019.10.13"]
[EventType "team-tourn"]
[EventRounds "11"]
[EventCountry "CZE"]
[SourceTitle "EXT 2024"]
[Source "ChessBase"]
[SourceDate "2023.10.10"]
[SourceVersion "1"]
[SourceVersionDate "2023.10.10"]
[SourceQuality "1"]
[WhiteTeam "Adamov"]
[BlackTeam "Prusanky Podluzan"]
[WhiteTeamCountry "CZE"]
[BlackTeamCountry "CZE"]

1. Nf3 g6 2. g3 Bg7 3. d4 d6 4. Bg2 e5 5. dxe5 dxe5 6. Qxd8+ Kxd8 7. 0-0 Ne7 8. Ng5 Ke8 9. Ne4 Nd7 10. Na3 h6 11. Nb5 Kd8 12. Rd1 a6 13. Nbc3 Ke8 14. Na4 Rb8 15. Nac5 Nf8 16. c3 b6 17. Nb3 a5 18. f3 Ba6 19. Bf1 a4 20. Nbd2 Rd8 21. Nf2 Nf5 22. Nb1 Rxd1 23. Nxd1 Nd6 24. e4 Bxf1 25. Kxf1 f5 26. Nf2 fxe4 27. fxe4 Ne6 28. Be3 Nc4 29. Bc1 Nc5 30. b4 axb3 31. axb3 Nxb3 32. Ra8+ Kf7 33. Rxh8 Bxh8 34. Bxh6 Bf6 35. h4 Be7 36. Ke2 c5 37. Nd3 Ke6 38. Nc1 Nxc1+ 39. Bxc1 b5 40. Nd2 Nxd2 41. Bxd2 c4 42. Be3 Kf7 1/2-1/2

[Event "CZE-chT2E 1718"]
[Site "Czech Republic"]
[Date "2018.04.08"]
[Round "11.4"]
[White "Dirgas, Josef"]
[Black "Parak, Dominik"]
[Result "0-1"]
[WhiteElo "2051"]
[BlackElo "2075"]
[PlyCount "94"]
[EventDate "2017.10.15"]
[EventType "team-tourn"]
[EventRounds "11"]
[EventCountry "CZE"]
[SourceTitle "EXT 2022"]
[Source "ChessBase"]
[SourceDate "2021.10.06"]
[SourceVersion "1"]
[SourceVersionDate "2021.10.06"]
[SourceQuality "1"]
[WhiteTeam "Hustopece"]
[BlackTeam "Vsetin"]
[WhiteTeamCountry "CZE"]
[BlackTeamCountry "CZE"]

1. d4 d5 2. Nf3 Nf6 3. c4 c6 4. e3 e6 5. Be2 Bd6 6. 0-0 0-0 7. b3 Nbd7 8. Bb2 Re8 9. Ne5 Qc7 10. f4 Ne4 11. Nd2 Nxd2 12. Qxd2 f6 13. Nf3 b6 14. Rac1 Bb7 15. Bd3 Rac8 16. Qc2 Nf8 17. c5 Be7 18. b4 Rb8 19. g3 a5 20. a3 Ra8 21. e4 axb4 22. axb4 Ba6 23. Ra1 Bxd3 24. Qxd3 Qb7 25. exd5 exd5 26. f5 bxc5 27. dxc5 Qxb4 28. Bd4 Rxa1 29. Rxa1 Bxc5 30. Rd1 Bxd4+ 31. Nxd4 Re1+ 32. Rxe1 Qxe1+ 33. Kg2 Qc1 34. Nb3 Qb2+ 35. Kh3 Nd7 36. Nd4 Ne5 37. Qe3 c5 38. Nf3 c4 39. Qc5 Qb7 40. Nd4 Nd3 41. Qd6 Nf2+ 42. Kh4 g5+ 43. fxg6 hxg6 44. Qd8+ Kf7 45. Qh8 g5+ 46. Kh5 Qb1 47. Qh6 Qd1+ 0-1

[Event "CZE-chT2E 1718"]
[Site "Czech Republic"]
[Date "2017.10.15"]
[Round "1.5"]
[White "Dirgas, Josef"]
[Black "Hosek, Martin"]
[Result "0-1"]
[WhiteElo "2051"]
[BlackElo "2098"]
[PlyCount "70"]
[EventDate "2017.10.15"]
[EventType "team-tourn"]
[EventRounds "11"]
[EventCountry "CZE"]
[SourceTitle "EXT 2022"]
[Source "ChessBase"]
[SourceDate "2021.10.06"]
[SourceVersion "1"]
[SourceVersionDate "2021.10.06"]
[SourceQuality "1"]
[WhiteTeam "Hustopece"]
[BlackTeam "Jundrov Jezdci"]
[WhiteTeamCountry "CZE"]
[BlackTeamCountry "CZE"]

1. d4 Nf6 2. Nf3 g6 3. c4 Bg7 4. e3 d5 5. b4 0-0 6. Bb2 b6 7. Nbd2 c5 8. dxc5 bxc5 9. b5 a6 10. a4 Bb7 11. Be2 Nbd7 12. 0-0 Qc7 13. Qb3 Rfe8 14. cxd5 Bxd5 15. Bc4 Bxc4 16. Nxc4 axb5 17. axb5 Nb6 18. Ra6 Nfd5 19. Bxg7 Kxg7 20. Rc1 Kg8 21. h3 e6 22. Qa3 Nb4 23. Nxb6 Rxa6 24. bxa6 Qxb6 25. Qa4 Ra8 26. Ne5 Qd6 27. Nd7 Rxa6 28. Nf6+ Kh8 29. Qe8+ Kg7 30. Ne4 Qd5 31. Nc3 Qd2 32. Ne2 Qxe2 33. Qb8 Qb2 34. Rxc5 Ra2 35. Qf4 Nd3 0-1

[Event "Brno Duras op"]
[Site "Brno"]
[Date "2016.06.28"]
[Round "4"]
[White "Kopecek, Ivan"]
[Black "Dirgas, Josef"]
[Result "0-1"]
[WhiteElo "1918"]
[BlackElo "1989"]
[PlyCount "92"]
[EventDate "2016.06.25"]
[EventType "swiss"]
[EventRounds "9"]
[EventCountry "CZE"]
[SourceTitle "CBM 173 Extra"]
[Source "ChessBase"]
[SourceDate "2016.08.29"]
[SourceVersion "1"]
[SourceVersionDate "2016.08.29"]
[SourceQuality "1"]

1. d4 Nf6 2. Nf3 e6 3. e3 b6 4. Bd3 Bb7 5. Nbd2 d5 6. 0-0 Bd6 7. Ne5 0-0 8. f4 c5 9. b3 Nc6 10. Bb2 Rc8 11. c4 Qe7 12. Qe2 Nb4 13. Bb1 g6 14. a3 Nc6 15. Bd3 Nb8 16. dxc5 bxc5 17. Ng4 Nxg4 18. Qxg4 f5 19. Qg3 Nc6 20. Nf3 a6 21. Rad1 Rcd8 22. Rfe1 Na5 23. h4 dxc4 24. bxc4 Bxf3 25. gxf3 Nc6 26. h5 Kf7 27. hxg6+ hxg6 28. e4 Nd4 29. e5 Bc7 30. Bb1 Qh4 31. Qxh4 Nxf3+ 32. Kg2 Nxh4+ 33. Kg3 g5 34. fxg5 Ng6 35. Rxd8 Rxd8 36. Bc3 Rh8 37. Kg2 Rh4 38. Ba2 Rg4+ 39. Kf2 Rxg5 40. Rb1 Bxe5 41. Rb7+ Kf6 42. Ba5 Bd4+ 43. Kf1 Rg1+ 44. Ke2 Rg2+ 45. Kf1 Nf4 46. Bd8+ Kg6 0-1

[Event "Brno Duras op"]
[Site "Brno"]
[Date "2015.07.05"]
[Round "9"]
[White "Dirgas, Josef"]
[Black "Madynski, Pawel"]
[Result "0-1"]
[WhiteElo "2023"]
[BlackElo "2017"]
[PlyCount "52"]
[EventDate "2015.06.27"]
[EventType "swiss"]
[EventRounds "9"]
[EventCountry "CZE"]
[SourceTitle "CBM 167 Extra"]
[Source "ChessBase"]
[SourceDate "2015.09.14"]
[SourceVersion "1"]
[SourceVersionDate "2015.09.14"]
[SourceQuality "1"]

1. d4 f5 2. c4 d6 3. Nf3 g6 4. e3 Bg7 5. Be2 Nf6 6. 0-0 0-0 7. Nc3 c6 8. Qc2 Qe8 9. Nd2 e5 10. dxe5 dxe5 11. e4 f4 12. c5 Qe7 13. Na4 Be6 14. b4 Nbd7 15. Nc4 Nxe4 16. Na5 Ng5 17. Nxb7 f3 18. Bc4 fxg2 19. Kxg2 Kh8 20. Bxe6 Nxe6 21. Nd6 Qh4 22. Qe4 Nf4+ 23. Kh1 Qh3 24. Rg1 Nf6 25. Qxc6 Ng4 26. Bxf4 Nxf2# 0-1

[Event "Brno Duras op"]
[Site "Brno"]
[Date "2015.06.30"]
[Round "4"]
[White "Dirgas, Josef"]
[Black "Balazec, Ludovit"]
[Result "1-0"]
[WhiteElo "2023"]
[BlackElo "1964"]
[PlyCount "88"]
[EventDate "2015.06.27"]
[EventType "swiss"]
[EventRounds "9"]
[EventCountry "CZE"]
[SourceTitle "CBM 167 Extra"]
[Source "ChessBase"]
[SourceDate "2015.09.14"]
[SourceVersion "1"]
[SourceVersionDate "2015.09.14"]
[SourceQuality "1"]

1. d4 d5 2. Nf3 Nf6 3. e3 c5 4. b3 cxd4 5. exd4 e6 6. Bd3 Nc6 7. 0-0 h6 8. Re1 Be7 9. Bb2 0-0 10. Ne5 Bd7 11. Nxd7 Qxd7 12. Nd2 Nb4 13. Bf1 Rac8 14. c3 Nc6 15. Bd3 Bd6 16. Nf3 Qc7 17. Qe2 Nd7 18. Rac1 Qb8 19. c4 Bf4 20. Rcd1 Nb4 21. Bb1 Rfe8 22. Ne5 Nxe5 23. dxe5 Rcd8 24. cxd5 exd5 25. Qg4 Bxe5 26. Bxe5 Rxe5 27. Qxb4 Rde8 28. Rxe5 Qxe5 29. Bd3 b6 30. Qb5 Re6 31. Qd7 a5 32. Qd8+ Re8 33. Qxb6 Qc3 34. Qb5 Rd8 35. Bc4 Qc2 36. Rxd5 Qb1+ 37. Bf1 Rxd5 38. Qxd5 Qxa2 39. Qb5 g6 40. g3 Qb1 41. Qd5 Kg7 42. Kg2 f5 43. Qe5+ Kh7 44. Qe7+ Kh8 1-0

[Event "CZE-chT2E 1415"]
[Site "Czech Republic"]
[Date "2015.01.25"]
[Round "6.3"]
[White "Dirgas, Josef"]
[Black "Tikovsky, Alexander"]
[Result "0-1"]
[WhiteElo "2078"]
[BlackElo "2208"]
[PlyCount "98"]
[EventDate "2014.11.02"]
[EventType "team-tourn"]
[EventRounds "11"]
[EventCountry "CZE"]
[SourceTitle "EXT 2022"]
[Source "ChessBase"]
[SourceDate "2021.10.06"]
[SourceVersion "1"]
[SourceVersionDate "2021.10.06"]
[SourceQuality "1"]
[WhiteTeam "Hustopece"]
[BlackTeam "Brno Moravska Slavia"]
[WhiteTeamCountry "CZE"]
[BlackTeamCountry "CZE"]

1. d4 g6 2. c4 Bg7 3. Nc3 d6 4. e4 e5 5. d5 Nd7 6. Nf3 Ngf6 7. Be2 Nc5 8. Qc2 a5 9. 0-0 0-0 10. Bg5 h6 11. Be3 Ng4 12. Bxc5 dxc5 13. Ne1 Nf6 14. Nd3 Qe7 15. Rad1 Ne8 16. Rfe1 b6 17. Nc1 Nd6 18. Bd3 f5 19. exf5 gxf5 20. f3 Bd7 21. N1e2 Rae8 22. Ng3 Qh4 23. Nb1 e4 24. fxe4 Bd4+ 25. Kh1 Be5 26. Kg1 fxe4 27. Bxe4 Bxg3 28. Bh7+ Kh8 29. hxg3 Qxg3 30. Rxe8 Bxe8 31. Bd3 Qe3+ 32. Kh1 Rf4 33. Qc3+ Rd4 34. Bf1 Qf4 35. Nd2 Bh5 36. Nf3 Bxf3 37. Rxd4 Bxg2+ 38. Kxg2 cxd4 39. Qe1 Ne4 40. Bd3 Qg5+ 41. Kh3 Nc5 42. Qe2 Kg7 43. Bc2 h5 44. b3 Kh6 45. Qf2 d3 46. Qf8+ Kg6 47. Qg8+ Kf5 48. Qc8+ Ke4 49. Bxd3+ Nxd3 0-1

[Event "Brno op 5th"]
[Site "Brno"]
[Date "2014.11.21"]
[Round "8"]
[White "Dirgas, Josef"]
[Black "Sernecki, Franciszek"]
[Result "1-0"]
[WhiteElo "2078"]
[BlackElo "1903"]
[PlyCount "167"]
[EventDate "2014.11.15"]
[EventType "swiss"]
[EventRounds "9"]
[EventCountry "CZE"]
[SourceTitle "CBM 163 Extra"]
[Source "ChessBase"]
[SourceDate "2014.12.23"]
[SourceVersion "1"]
[SourceVersionDate "2014.12.23"]
[SourceQuality "1"]

1. d4 d5 2. c4 e6 3. e3 c5 4. Nf3 Nf6 5. Nc3 Nc6 6. a3 cxd4 7. exd4 Ne4 8. Be3 Nxc3 9. bxc3 Be7 10. Bd3 0-0 11. 0-0 Bd7 12. cxd5 exd5 13. Ne5 Rc8 14. Nxd7 Qxd7 15. Qb1 g6 16. Qb5 a6 17. Qa4 Ne5 18. Qxd7 Nxd7 19. Bd2 Rc6 20. Rfb1 Rb6 21. a4 a5 22. Bb5 Nf6 23. f3 Rc8 24. Kf2 Re6 25. Bd3 Rc7 26. Rb5 b6 27. Rab1 Rcc6 28. R1b3 Kg7 29. Bf4 Rc8 30. Be5 Rec6 31. Rxb6 Rxb6 32. Rxb6 Rxc3 33. Bb5 Rc8 34. g4 g5 35. h4 h6 36. f4 gxh4 37. g5 hxg5 38. fxg5 Kg6 39. gxf6 Bb4 40. Bc6 Rh8 41. Bxd5 h3 42. Kg1 Bc3 43. Kh2 Rh4 44. Rb7 Bxd4 45. Bxf7+ Kf5 46. Bg3 Rh6 47. Be8 Kxf6 48. Bb5 Kg5 49. Rd7 Bc3 50. Rd5+ Kg6 51. Rd6+ Kg7 52. Rxh6 Kxh6 53. Kxh3 Kg5 54. Bd7 Kf6 55. Kg2 Ke7 56. Bh3 Bb4 57. Kf3 Bc3 58. Ke4 Kd8 59. Kd3 Bb4 60. Kc4 Bd2 61. Kb5 Bb4 62. Kc6 Bc3 63. Bc7+ Ke7 64. Kb5 Ke8 65. Bxa5 Bd4 66. Bb6 Bc3 67. a5 Bxa5 68. Bxa5 Ke7 69. Kc5 Kf6 70. Kd5 Kg5 71. Ke4 Kf6 72. Bd8+ Kg6 73. Bg4 Kf7 74. Ke5 Ke8 75. Bf6 Kf7 76. Bh5+ Kg8 77. Ke6 Kf8 78. Be5 Kg8 79. Kf6 Kf8 80. Bd6+ Kg8 81. Kg6 Kh8 82. Bf3 Kg8 83. Bd5+ Kh8 84. Be5# 1-0

[Event "Brno op 5th"]
[Site "Brno"]
[Date "2014.11.19"]
[Round "6"]
[White "Dirgas, Josef"]
[Black "Simantsev, Mikhail"]
[Result "0-1"]
[WhiteElo "2078"]
[BlackElo "2452"]
[PlyCount "142"]
[EventDate "2014.11.15"]
[EventType "swiss"]
[EventRounds "9"]
[EventCountry "CZE"]
[SourceTitle "CBM 163 Extra"]
[Source "ChessBase"]
[SourceDate "2014.12.23"]
[SourceVersion "1"]
[SourceVersionDate "2014.12.23"]
[SourceQuality "1"]

1. d4 c5 2. d5 Nf6 3. c4 e6 4. Nc3 exd5 5. cxd5 Bd6 6. g3 Bc7 7. Bg2 d6 8. e4 0-0 9. Nge2 a6 10. a4 Nbd7 11. 0-0 Rb8 12. b3 Re8 13. Qc2 b5 14. axb5 axb5 15. Nd1 Qe7 16. Re1 Ne5 17. Ne3 Bb6 18. Bb2 Nfg4 19. Nxg4 Bxg4 20. Bxe5 Qxe5 21. h3 Bd7 22. f4 c4+ 23. Kh2 cxb3 24. Qxb3 Qf6 25. Ra2 b4 26. Rc1 Bb5 27. Rac2 h6 28. Kh1 Bxe2 29. Rxe2 Bd4 30. Rc6 Bc3 31. Ra2 Qd4 32. Rc4 Qe3 33. Kh2 Ra8 34. Rxa8 Rxa8 35. Rxb4 Ra1 36. Rb8+ Kh7 37. h4 Rg1 38. Qc2 Rc1 39. Qa2 Be1 40. Rb3 Rc3 41. Rxc3 Bxg3+ 42. Kh3 Qxc3 43. Qe2 Bxf4+ 44. Qf3 Qe5 45. h5 g6 46. Qg4 Kg7 47. Bf3 Qf6 48. Qg2 Be5 49. Qg4 Qd8 50. Be2 Qc7 51. Bf3 Qc2 52. Qg2 Qc1 53. Qg4 Qd2 54. Be2 Qe1 55. Kg2 Bd4 56. Bf3 Qf2+ 57. Kh3 Be5 58. Qg2 Qe3 59. Qg4 Kf6 60. hxg6 fxg6 61. Qe6+ Kg7 62. Qe7+ Kh8 63. Qf8+ Kh7 64. Qe7+ Bg7 65. Kg2 Qf4 66. e5 Qxe5 67. Qxe5 Bxe5 68. Be4 h5 69. Kh3 Kh6 70. Kh4 g5+ 71. Kh3 g4+ 0-1

[Event "Brno op 5th"]
[Site "Brno"]
[Date "2014.11.18"]
[Round "4"]
[White "Dirgas, Josef"]
[Black "Zemlicka, Vit"]
[Result "1/2-1/2"]
[WhiteElo "2078"]
[BlackElo "1899"]
[PlyCount "55"]
[EventDate "2014.11.15"]
[EventType "swiss"]
[EventRounds "9"]
[EventCountry "CZE"]
[SourceTitle "CBM 163 Extra"]
[Source "ChessBase"]
[SourceDate "2014.12.23"]
[SourceVersion "1"]
[SourceVersionDate "2014.12.23"]
[SourceQuality "1"]

1. d4 Nf6 2. c4 g6 3. Nc3 Bg7 4. e4 d6 5. Be2 0-0 6. Nf3 e5 7. d5 a5 8. 0-0 Nh5 9. g3 Na6 10. Nh4 Nf4 11. Ng2 Nxe2+ 12. Qxe2 Nc5 13. Be3 b6 14. f3 f5 15. Rf2 fxe4 16. fxe4 Rxf2 17. Kxf2 Bd7 18. Kg1 Qe7 19. Rf1 Rf8 20. Rxf8+ Qxf8 21. Ne1 Bh6 22. Qf2 Bxe3 23. Qxe3 Kg7 24. Nf3 Qe7 25. b3 h6 26. h4 Bg4 27. Nd2 Nd7 28. Nf1 1/2-1/2

[Event "CZE-chT2E 1415"]
[Site "Czech Republic"]
[Date "2014.11.16"]
[Round "2.4"]
[White "Dirgas, Josef"]
[Black "Sekanina, Jiri"]
[Result "0-1"]
[WhiteElo "2078"]
[BlackElo "2029"]
[PlyCount "104"]
[EventDate "2014.11.02"]
[EventType "team-tourn"]
[EventRounds "11"]
[EventCountry "CZE"]
[SourceTitle "EXT 2022"]
[Source "ChessBase"]
[SourceDate "2021.10.06"]
[SourceVersion "1"]
[SourceVersionDate "2021.10.06"]
[SourceQuality "1"]
[WhiteTeam "Hustopece"]
[BlackTeam "Lipovec Garde"]
[WhiteTeamCountry "CZE"]
[BlackTeamCountry "CZE"]

1. d4 Nf6 2. c4 g6 3. Nc3 d5 4. cxd5 Nxd5 5. e4 Nxc3 6. bxc3 Bg7 7. Bc4 c5 8. Ne2 0-0 9. 0-0 Nc6 10. Be3 Na5 11. Bd3 b6 12. Rc1 Bb7 13. Qd2 e5 14. d5 f5 15. f3 c4 16. Bc2 f4 17. Bf2 Rf7 18. Rb1 Qf6 19. Kh1 Kh8 20. Bd1 Rg8 21. g3 g5 22. gxf4 gxf4 23. Rg1 Qh6 24. Rg2 Bf8 25. Rxg8+ Kxg8 26. Ng1 Rg7 27. Qe2 Qg6 28. Qf1 Bxd5 29. Rb5 Be6 30. Rxe5 Nc6 31. Rb5 Bd6 32. Rb2 Be5 33. Ba4 Bf7 34. Bxc6 Qxc6 35. Bd4 Bxd4 36. cxd4 c3 37. Rc2 b5 38. d5 Qc5 39. Qf2 Qxf2 40. Rxf2 b4 41. Nh3 a5 42. Nxf4 a4 43. Rc2 Be8 44. Nd3 Bh5 45. Ne1 Rb7 46. Kg2 b3 47. axb3 axb3 48. Rc1 b2 49. Rb1 Be8 50. e5 Bg6 51. d6 Bxb1 52. e6 Bf5 0-1

[Event "Brno Duras op-A"]
[Site "Brno"]
[Date "2014.07.01"]
[Round "4"]
[White "Spodny, Josef"]
[Black "Dirgas, Josef"]
[Result "1/2-1/2"]
[WhiteElo "1993"]
[BlackElo "2070"]
[PlyCount "39"]
[EventDate "2014.06.28"]
[EventType "swiss"]
[EventRounds "9"]
[EventCountry "CZE"]
[SourceTitle "CBM 161 Extra"]
[Source "ChessBase"]
[SourceDate "2014.08.29"]
[SourceVersion "1"]
[SourceVersionDate "2014.08.29"]
[SourceQuality "1"]

1. e4 e5 2. Nf3 Nc6 3. Bb5 a6 4. Ba4 Nf6 5. 0-0 Be7 6. Bxc6 dxc6 7. d3 Nd7 8. Nbd2 0-0 9. Nc4 f6 10. Nh4 Nc5 11. f4 exf4 12. Rxf4 g5 13. Nf5 Bxf5 14. Rxf5 Nxe4 15. Be3 Nd6 16. Nxd6 cxd6 17. Qf3 d5 18. Bd4 Qd6 19. Rf1 Rae8 20. Bxf6 1/2-1/2

[Event "CZE-chT2E 1314"]
[Site "Czech Republic"]
[Date "2014.03.23"]
[Round "10.4"]
[White "Tikovsky, Alexander"]
[Black "Dirgas, Josef"]
[Result "1-0"]
[WhiteElo "2214"]
[BlackElo "2026"]
[PlyCount "47"]
[EventDate "2013.11.03"]
[EventType "team-tourn"]
[EventRounds "11"]
[EventCountry "CZE"]
[SourceTitle "EXT 2016"]
[Source "ChessBase"]
[SourceDate "2015.10.08"]
[SourceVersion "1"]
[SourceVersionDate "2015.10.08"]
[SourceQuality "1"]
[WhiteTeam "Brno Moravska Slavia"]
[BlackTeam "Hustopece"]
[WhiteTeamCountry "CZE"]
[BlackTeamCountry "CZE"]

1. g3 d5 2. Nf3 Nf6 3. Bg2 e6 4. 0-0 Be7 5. d4 0-0 6. c4 b6 7. cxd5 exd5 8. Nc3 Bb7 9. Bf4 Na6 10. Rc1 c5 11. dxc5 Nxc5 12. Nd4 Qd7 13. b4 Na6 14. a3 Rac8 15. Qd3 Rfe8 16. Ncb5 Nc5 17. bxc5 bxc5 18. Nf5 c4 19. Qb1 Bc6 20. Nxe7+ Rxe7 21. Nd4 Ba8 22. Bg5 Qg4 23. Bxf6 gxf6 24. Nf5 1-0

[Event "Brno Duras op-A"]
[Site "Brno"]
[Date "2013.06.29"]
[Round "8"]
[White "Pokorny, Petr"]
[Black "Dirgas, Josef"]
[Result "1/2-1/2"]
[WhiteElo "2210"]
[BlackElo "2006"]
[PlyCount "78"]
[EventDate "2013.06.22"]
[EventType "swiss"]
[EventRounds "9"]
[EventCountry "CZE"]
[SourceTitle "CBM 155 Extra"]
[Source "ChessBase"]
[SourceDate "2013.08.26"]
[SourceVersion "1"]
[SourceVersionDate "2013.08.26"]
[SourceQuality "1"]

1. d4 d5 2. c4 c6 3. Nf3 Nf6 4. Nc3 e6 5. Bg5 Nbd7 6. e3 Be7 7. Bd3 0-0 8. 0-0 h6 9. Bh4 b6 10. Rc1 Bb7 11. Qe2 c5 12. Rfd1 Ne4 13. Bxe7 Qxe7 14. dxc5 Nxc3 15. Rxc3 Nxc5 16. Bb1 dxc4 17. Rxc4 Rfd8 18. Rcd4 Rxd4 19. Rxd4 Rd8 20. b4 Bxf3 21. Qxf3 Rxd4 22. exd4 Nd7 23. a3 Qg5 24. Qe3 Qd5 25. g3 e5 26. Be4 Qxd4 27. Qxd4 exd4 28. Kf1 g5 29. Ke2 Ne5 30. f4 gxf4 31. gxf4 Nc4 32. a4 a5 33. bxa5 bxa5 34. Bc6 Nb2 35. Kd2 Kg7 36. Kc2 Nc4 37. Kd3 Nb6 38. Kxd4 Kf6 39. Kc5 Nxa4+ 1/2-1/2

[Event "Brno Duras op-A"]
[Site "Brno"]
[Date "2012.06.26"]
[Round "5"]
[White "Dirgas, Josef"]
[Black "Kucera, Petr1111"]
[Result "1-0"]
[WhiteElo "2036"]
[BlackElo "1759"]
[PlyCount "137"]
[EventDate "2012.06.23"]
[EventType "tourn"]
[EventRounds "9"]
[EventCountry "CZE"]
[SourceTitle "CBM 149 Extra"]
[Source "ChessBase"]
[SourceDate "2012.08.24"]
[SourceVersion "1"]
[SourceVersionDate "2012.08.24"]
[SourceQuality "1"]

1. d4 Nf6 2. Nf3 e6 3. e3 b6 4. Bd3 Bb7 5. 0-0 Be7 6. c4 d6 7. Nc3 Nbd7 8. e4 e5 9. d5 h6 10. g3 Nf8 11. Nh4 Bc8 12. Nf5 Bxf5 13. exf5 N8d7 14. f3 Qc8 15. Be3 c5 16. a3 a6 17. Qd2 Qb7 18. b4 Qc7 19. b5 a5 20. Kf2 0-0-0 21. Ke2 Kb7 22. Kd1 Rde8 23. Kc2 Bd8 24. h4 h5 25. Rh1 Qc8 26. Qg2 Bc7 27. g4 e4 28. Bxe4 Nxe4 29. Nxe4 Ne5 30. Kc3 Qd7 31. Bf2 Bd8 32. g5 Bc7 33. Qh3 Re7 34. f6 gxf6 35. Qxd7 Nxd7 36. gxf6 Ree8 37. Bg3 Ne5 38. Bxe5 Rxe5 39. Rag1 Rf5 40. Rh3 Kc8 41. Rg7 Rf8 42. Rg5 Re5 43. Rxe5 dxe5 44. Rg3 Kd7 45. Rg5 Rh8 46. Rg7 Ke8 47. Ng5 e4 48. Nxe4 Be5+ 49. Kb3 Kf8 50. Rg5 Bd4 51. a4 Rh6 52. Rf5 Ke8 53. Nd6+ Kd7 54. Ne4 Ke8 55. Kc2 Kd7 56. Kd3 Ke8 57. Nd6+ Kd7 58. Nxf7 Rxf6 59. Rxf6 Bxf6 60. Ng5 Be5 61. Ke4 Bg3 62. Kf5 Bxh4 63. Kg6 Bg3 64. Kxh5 Ke7 65. Kg6 Bh2 66. Ne4 Bf4 67. Kf5 Bb8 68. f4 Kf7 69. d6 1-0

[Event "Brno Duras op-A"]
[Site "Brno"]
[Date "2012.06.24"]
[Round "3"]
[White "Dirgas, Josef"]
[Black "Pokorny, Petr"]
[Result "1/2-1/2"]
[WhiteElo "2036"]
[BlackElo "2228"]
[PlyCount "68"]
[EventDate "2012.06.23"]
[EventType "tourn"]
[EventRounds "9"]
[EventCountry "CZE"]
[SourceTitle "CBM 149 Extra"]
[Source "ChessBase"]
[SourceDate "2012.08.24"]
[SourceVersion "1"]
[SourceVersionDate "2012.08.24"]
[SourceQuality "1"]

1. d4 d5 2. Nf3 c6 3. e3 e6 4. c4 f5 5. Bd3 Nf6 6. 0-0 Bd6 7. b3 Qe7 8. Bb2 0-0 9. Qc1 Ne4 10. Ba3 b6 11. cxd5 exd5 12. Bxd6 Qxd6 13. Ne5 Bb7 14. Nd2 Nd7 15. Nxd7 Qxd7 16. Qb2 Nxd2 17. Qxd2 Rf6 18. b4 a5 19. Rab1 Qc7 20. Rfc1 axb4 21. Qxb4 Ba6 22. Bxa6 Rxa6 23. a4 f4 24. e4 Qd7 25. f3 h6 26. Qb3 Kh8 27. exd5 Qxd5 28. Qxd5 cxd5 29. Rc8+ Kh7 30. Rd8 Rxa4 31. Rxd5 Rg6 32. Rdb5 Rxd4 33. Rxb6 Rg5 34. R6b2 Rg6 1/2-1/2

[Event "Brno Duras BVK op-B"]
[Site "Brno"]
[Date "2006.??.??"]
[Round "5"]
[White "Novak, Jaromir"]
[Black "Dirgas, Josef"]
[Result "1-0"]
[WhiteElo "2010"]
[BlackElo "2060"]
[PlyCount "61"]
[EventDate "2006.07.??"]
[EventType "swiss"]
[EventRounds "9"]
[EventCountry "CZE"]
[SourceTitle "EXT 2008"]
[Source "ChessBase"]
[SourceDate "2007.11.25"]
[SourceVersion "1"]
[SourceVersionDate "2007.11.25"]
[SourceQuality "1"]

1. e4 d5 2. exd5 Qxd5 3. Nc3 Qd6 4. Nf3 Nf6 5. d4 a6 6. Bd3 Nc6 7. 0-0 Bg4 8. h3 Bh5 9. Ne4 Nxe4 10. Bxe4 0-0-0 11. c3 Bg6 12. Bxc6 Qxc6 13. Ne5 Qe8 14. b4 f6 15. Nf3 e5 16. Re1 Qd7 17. Qb3 exd4 18. Nxd4 Bf7 19. Qb2 Qa4 20. Be3 Bd6 21. b5 Ba3 22. Qe2 h5 23. bxa6 Qxa6 24. Nb5 c6 25. Na7+ Kc7 26. Bf4+ Kb6 27. Qe3+ Bc5 28. Rab1+ Kxa7 29. Qxc5+ Ka8 30. Re7 Rd5 31. Qe3 1-0